000 00981cam a22002897a 4500
003 CHAP
005 20220329141253.0
008 971010s2011 mex r 00010 spa d
010 _a65496
011 _a66468
035 _a74633
040 _cCHAP
090 _aCD-389
100 0 0 _aLanda Hernández, José Armando.
_964648
245 1 4 _aParámetros, gráficas de funciones f(x)=a (xx-b) n+c [Disco compacto] :
_bmcromundo interactivo
_c/por José Armando Landa Hernández
260 _aChapingo, Méx. :
_bUACH. Departamento de Preparatoria Agrícola,
_c2011
300 _a1 CD (4 3/4 plg.)
590 _aBATCH-UPD
_b10
_c20130110
_lUCH01
_h0617
590 _aBATCH-UPD
_b10
_c20130410
_lUCH01
_h0259
590 _aBATCH-UPD
_b10
_c20130914
_lUCH01
_h0952
590 _aCONVERSION
_b10
_c20130109
_lUCH01
_h1336
650 0 4 _aCálculo diferencial.
_923993
650 0 4 _aFunciones.
_943959
901 _aBK
942 _cCD
949 _aCD-389
_bBC
_cCD
_d33724002326743
_eCD
_i74633
_sb
999 _c65496
_d65496